|
|
|
|
| LEADER |
03470nam a2200661 i 4500 |
| 001 |
mzk03001241282 |
| 003 |
CZ BrMZK |
| 005 |
20180109102304.0 |
| 007 |
ta |
| 008 |
180109s1750 au f fr|||||00| ||latod |
| 040 |
|
|
|a BOA001
|b cze
|e rda
|
| 043 |
|
|
|a e-hu---
|
| 072 |
|
7 |
|a 91
|x Geografie jako věda. Výzkum. Cestování
|2 Konspekt
|9 7
|
| 072 |
|
7 |
|a 094
|x Staré tisky
|2 Konspekt
|9 12
|
| 080 |
|
|
|a 91
|2 MRF
|
| 080 |
|
|
|a 911.2:528.42
|2 MRF
|
| 080 |
|
|
|a 904
|2 MRF
|
| 080 |
|
|
|a 93/94
|2 MRF
|
| 080 |
|
|
|a 025.171
|2 MRF
|
| 080 |
|
|
|a (439)
|2 MRF
|
| 080 |
|
|
|a (0.068)094
|2 MRF
|
| 100 |
1 |
|
|a Trsztyánsky, Joannes Baptista
|4 aut
|
| 245 |
1 |
0 |
|a TOPOGRAPHIA MAGNI REGNI HUNGARIAE OLIM A quodam Societatis JESU Sacerdote conscripta, nunc Studio cujusdam ex eadem Societate Sacerdotis emendata & aucta. DUM SUB SERENISSIMIS AUSPICIIS SERENISSIMI JOSEPHI CORONAE REGII PRINCIPIS, ET ARCHI-DUCIS AUSTRIAE, ILLUSTRISSIMUS DOMINUS EMERICUS S. R. I. COMES A CSAKI DE KERESZTSZEGH Viennae in REGIO THERESIANO S. J. NOBILIUM COLLEGIO. PRAESIDE PRAENOBILI, CLARISSIMO, ac CONSULTISSIMO DOMINO JOANNE BAPTISTA PIKER, U. J. DOCTORE, ejusdem THERESIANI COLLEGII Juris Civilis PROFESSORE REGIO. Theses ex universo Jure Civili propugnaret ANNO M. DCC.L. Mense Octobri Die
|
| 246 |
3 |
8 |
|a TOPOGRAPHIA M: REGNI HUNGARIAE
|
| 264 |
|
1 |
|a VIENNAE AUSTRIAE :
|b LITERIS LEOPOLDI JOANNIS KALIWODA, IMPERIALIS AULAE TYPOGRAPHI,
|c [1750]
|
| 300 |
|
|
|a 12 nečíslovaných stran, 590 stran, 12 nečíslovaných stran, 1 nečíslovaná příloha ;
|c 2°
|
| 336 |
|
|
|a text
|b txt
|2 rdacontent
|
| 337 |
|
|
|a bez média
|b n
|2 rdamedia
|
| 338 |
|
|
|a svazek
|b nc
|2 rdacarrier
|
| 500 |
|
|
|a Rozsah: [12], 590, [12] s., [1] příl.
|
| 500 |
|
|
|a Výzdoba: Mědirytinový frontispis s vyobrazením císařovny Marie Terezie sedící na trůnu a malým Josefem II., signovaný (Johan[n] Daniel Herz inven. delin. et Sculp. Aug. Vind.), nad impresem dvojlinka, iniciály, vlysy, viněty, ozdobné linky
|
| 500 |
|
|
|a Na hřbetě nalepený štítek se signaturou XXII. B. 4.
|
| 561 |
|
|
|a Provenience: [m.p.] Monasterii Braunensis O. S. B.
|
| 561 |
|
|
|a Provenience: [razítko] S.A.B. BRAUNAU
|
| 561 |
|
|
|a Provenience: [razítko] SVK HK/2296
|
| 563 |
|
|
|a Původní usňová vazba, lepenkové desky potažené hovězinou, ořízka stříkaná červeně, na hřbetě zlacený nápisový štítek
|
| 650 |
|
7 |
|a geografie
|7 ph114618
|2 czenas
|
| 650 |
|
7 |
|a topografie
|7 ph126691
|2 czenas
|
| 650 |
|
7 |
|a památky
|7 ph123920
|2 czenas
|
| 650 |
|
7 |
|a dějiny
|7 ph114390
|2 czenas
|
| 650 |
|
7 |
|a historické knihovní fondy
|7 ph172933
|2 czenas
|
| 651 |
|
7 |
|a Maďarsko
|7 ge129985
|2 czenas
|
| 655 |
|
7 |
|a staré tisky
|7 fd422076
|2 czenas
|
| 700 |
1 |
|
|a Csaki de Keresztszegh, Emericu comes a
|4 aut
|
| 700 |
1 |
|
|a Piker, Johannes Baptista,
|d činný 1748
|7 ola2013783440
|4 aut
|
| 700 |
1 |
|
|a Herz, Johann Daniel,
|d 1693-1754
|7 mzk2009510161
|4 egr
|
| 700 |
0 |
|
|a Josef
|b II.,
|c římskoněmecký císař,
|d 1741-1790
|7 jn20000700830
|4 hnr
|
| 856 |
4 |
2 |
|u http://books.google.cz/books?vid=NKP:1002594022&printsec=frontcover
|y Digitalizovaný dokument
|z Exemplář z Národní knihovny ČR
|
| 903 |
|
|
|a RP
|
| 910 |
|
|
|a NAG950
|b B - XXII. B. 4,1
|
| 978 |
|
|
|b Kaliwoda, Leopold Johann
|a Wien
|c 1750
|
| 982 |
0 |
|
|a Broumov - benediktinský klášter
|
| 982 |
0 |
|
|a Hradec Králové - SVK
|
| 984 |
|
|
|a Vídeň
|b Rakousko
|
| 985 |
|
|
|a 1701-1750
|
| 990 |
|
|
|a BK
|
| 991 |
|
|
|k broumov
|
| 980 |
|
|
|c 000825
|g B - XXII. B. 4,1
|1 458950000825
|